000 00285nam a22001097a 4500
082 _a621.391 ENG'U
245 _aENGINEERING DESIGN HANDBOOK FIRE CONTROL COMPUTING SYSTEM
260 _aUSA
_bUSA ARMY HEAD QUATERS
_c1970
300 _aV-P
650 _aAMCP 706-329
_976955
942 _cBK
999 _c582264
_d582264